MLB Teams From Newest - Oldest - Statistics

General Stats
  • This quiz has been taken 57 times
  • The average score is 19 of 30
Answer Stats
Year Answer % Correct
1998 Diamondbacks
83%
1998 Rays
83%
1993 Marlins
73%
1993 Rockies
73%
1901 Yankees
73%
1977 Blue Jays
70%
1969 Brewers
70%
1977 Mariners
70%
1962 Astros
67%
1871 Braves
67%
1882 Cardinals
67%
1876 Cubs
67%
1962 Mets
67%
1969 Nationals
67%
1901 Red Sox
67%
1969 Padres
63%
1881 Reds
63%
1969 Royals
63%
1961 Angels
60%
1882 Pirates
60%
1961 Rangers
60%
1901 Athletics
57%
1901 White Sox
57%
1883 Phillies
53%
1901 Tigers
53%
1883 Dodgers
50%
1901 Orioles
50%
1901 Twins
50%
1883 Giants
47%
1901 Indians/ Guardians
47%
No matching quizzes found
Score Distribution
Percent of People with Each Score
Percentile by Number Answered
Your Score History
You have not taken this quiz